LEADER 00834nam0-22003011i-450 001 990005499110203316 005 20200401162733.0 010 $a88-7303-855-7 035 $a000549911 035 $aUSA01000549911 035 $a(ALEPH)000549911USA01 100 $a20011009d2001----km y1itay5003----ba 101 1 $aita$ceng 102 $aIT 200 1 $aIntroduzione a Matlab$fDelores M. Etter, David C. Kuncicky 210 $aMilano$cApogeo$dc2001 215 $aVI, 150 p.$d24 cm 606 0 $aProgrammi per elaboratori$2BNCF 676 $a005.360 700 1$aETTER,$bDelores M.$027476 701 1$aKUNCICKY,$bDavid C.$0147846 801 0$aIT$bSOL$c20120104 912 $a990005499110203316 951 $a000 005.36 ETT$b9918 DISES 959 $aBK 969 $aDISES 996 $aIntroduction to Matlab$952222 997 $aUNISA LEADER 01211nam--2200397---450- 001 990006060380203316 005 20150720105356.0 010 $a978-88-6657-534-4 035 $a000606038 035 $aUSA01000606038 035 $a(ALEPH)000606038USA01 035 $a000606038 100 $a20150603d2015----km-y0itay50------ba 101 $aita 102 $aIT 105 $a||||||||001yy 200 1 $aCodice amministrativo$eaggiornato a L. 17 aprile 2015, n. 43 di conversione del D.L. 18 febbraio 2015, n. 7 ...$fcon il coordinamento di Cristiana Apostolo 205 $a5. ed. 210 $aRoma$cNel diritto$d2015 215 $aXIII, 2029 p.$d20 cm 225 2 $a<> codici normativi Plus 410 0$12001$a<> codici normativi Plus 454 1$12001 461 1$1001-------$12001 676 $a342.45 702 1$aAPOSTOLO,$bCristiana 710 02$aITALIA$0423419 801 0$aIT$bsalbc$gISBD 912 $a990006060380203316 951 $aXXIV.3.A. 597$882312 G.$cXXIV.3.A.$d378017 959 $aBK 969 $aGIU 979 $aFIORELLA$b90$c20150720$lUSA01$h1051 979 $aFIORELLA$b90$c20150720$lUSA01$h1053 996 $aCodice amministrativo$9168058 997 $aUNISA